Statistics for U.S. City Skylines Quiz (Extreme)

Click here to take the quiz!

General Stats

  • This quiz has been taken 211 times
    (209 since last reset)
  • The average score is 6 of 15

Answer Stats

Answer% Correct
Santa Fe
72%
Portland
64%
Billings
48%
Albany
46%
Columbia
45%
Akron
42%
Wichita Falls
38%
Fort Wayne
33%
Wilmington
31%
Duluth
30%
Augusta
30%
Casper
25%
Huntsville
22%
Davenport
18%
Peoria
17%

Score Distribution

Percentile by Number Answered

Percent of People with Each Score

Your Score History

You have not taken this quiz since the last reset